000 006010000a22001810004500
003 MACL
005 20160610154444.0
008 160610b xxu||||| |||| 00| 0 eng d
040 _aMACL
_cMACL
041 _aHindi
082 _a800
100 _a सं शरण, गिरिराज
_963329
245 _aपुलिस व्‍यवस्‍था पर व्‍यंग्‍य
_cसं गिरिराज शरण
260 _bप्रभात प्रकाशन
_c1996
_aदिल्‍ली
350 _a100
650 _aLiteracture
_963955
942 _cHIN
_k800
_2ddc
999 _c29944
_d29944